„Transfernews!“ #1 - Spieler anhand eines Transfers erraten - Statistiken

Allgemein
  • Dieses Quiz wurde 379 mal gespielt
  • Das Durchschnittsergebnis liegt bei 9 aus 20
Antwortstatistiken
Gewechselt von Gewechselt zu Saison Ablösesumme in Mio. € Spieler % Korrekt
AS Monaco Paris SG 18/19 180 Mbappe
99%
RB Salzburg Borussia Dortmund 19/20 20 Haaland
84%
Manchester City Bayern München 20/21 49 Sané
77%
FC Barcelona Paris SG 17/18 222 Neymar
74%
Vancouver Bayern München 18/19 14 Davies
72%
Ajax Amsterdam Juventus Turin 19/20 85,50 De Ligt
72%
Bayer Leverkusen Tottenham 15/16 30 Son
58%
RB Leipzig FC Liverpool 23/24 70 Szoboszlai
55%
Sporting Manchester Utd. 19/20 65 Fernandes
53%
AC Florenz Juventus Turin 21/22 83,50 Vlahovic
52%
VfB Stuttgart Bayern München 19/20 35 Pavard
49%
Dinamo Batumi SSC Neapel 22/23 13,30 Kvaratskhelia
34%
Wolverhampton Manchester City 23/24 62 Nunes
29%
Brighton FC Arsenal 21/22 58,50 White
27%
Peñarol Real Madrid (Castilla) 16/17 5 Valverde
23%
FC Reading Crystal Palace 21/22 9,30 Olise
22%
Olympique Lyon Newcastle United 21/22 42,10 Guimarães
21%
Real Madrid AC Milan 19/20 22,80 Hernandez
20%
AS Rom Paris SG 13/14 31,40 Marquinhos
16%
Lazio Rom Wolverhampton 19/20 17,90 Neto
7%
Keine übereinstimmenden Quizze gefunden
Verteilung der Resultate
Anzahl Personen mit jedem Resultat
Perzentil nach korrekt beantworteten Fragen
Ihre Resultats-Entwicklung
Sie haben dieses Quiz noch nicht gespielt